000 00329nam a22001457a 4500
003 SGT
082 _a547.7
100 _aSINGH,JAGDAMBA
245 _aNATURAL PRODUCTS IN CHEMISTRY
250 _a6TH
260 _aMEERUT
_bPRAGATI PRAKASHAN
_c2016
300 _a6TH
650 _aNATURAL PRODUCTS IN CHEMISTRY
942 _2ddc
_cFPS
999 _c10001
_d10001